| 000 | 00784nam a22001937a 4500 | ||
|---|---|---|---|
| 999 |
_c63157 _d63157 |
||
| 003 | Ge_BSU | ||
| 005 | 20250612151527.0 | ||
| 008 | 250612s2024 ge ||||| |||| 00| 0 geo d | ||
| 020 | _a19879563 | ||
| 041 | _ageo | ||
| 080 | _a930.2(479.22) ქ-27 | ||
| 245 |
_aქართული წყაროთმცოდნეობა = Georgian Source-Studies : _bXXVI / _cრედ. გიული ალასანია, მარიამ ჩხარტიშვილი, ზურაბ თარგამაძე და სხვ. |
||
| 264 |
_aთბილისი, _c 2024. |
||
| 300 |
_a366 გვ. _b30 სმ. |
||
| 653 | _aისტორია | ||
| 653 | _aეთნოლოგია | ||
| 653 | _aარქეოლოგია | ||
| 942 |
_2udc _cᲬᲘᲒᲜᲘ |
||